| 000 | 00383nam a2200145 4500 | ||
|---|---|---|---|
| 999 |
_c694 _d694 |
||
| 008 | 191119b ||||| |||| 00| 0 eng d | ||
| 082 | 0 | 0 |
_a621.01 _bL6779 |
| 100 |
_9207 _aLewitt, E. H. |
||
| 245 | 1 | 0 |
_aThermodynamics Applied to Heat Engines _cby E H Lewitt |
| 250 | _a4th ed. | ||
| 260 |
_aLondon _bPitman _c1949 |
||
| 300 | _axiv, 758 p. | ||
| 650 | 0 | _aThermodynamics | |
| 942 |
_2ddc _cBK |
||